| 000 | 00578nam a22001937a 4500 | ||
|---|---|---|---|
| 999 |
_c20144 _d20144 |
||
| 003 | AR-CdUCM | ||
| 008 | 190405b ||||| |||| 00| 0 spa d | ||
| 040 |
_aMUNICIPALIDAD PROVINCIAL DEL CUSCO _cBIBLIOTECA MUNICIPAL DEL CUSCO |
||
| 082 |
_a869.56 / _bP44 |
||
| 100 |
_aPérez Ocampo, Gustavo _960 |
||
| 245 | _aPoemas de Gustavo Perez Ocampo / | ||
| 300 |
_c20 cm. _a46 páginas ; |
||
| 505 | _aContenido: Poesía. | ||
| 650 |
_aPoemas Cusqueños _917375 |
||
| 650 |
_aLiteratura Peruana _9132 |
||
| 650 |
_aSiglo XX _98 |
||
| 942 |
_2ddc _cLIBROS |
||
| 945 |
_adavv _d2019-05-27 |
||